Gewinner des Eurovision Song Contest mit Bildern - Statistiken

Allgemein
  • Dieses Quiz wurde 27 mal gespielt
  • Das Durchschnittsergebnis liegt bei 21 aus 73
Antwortstatistiken
Bildquiz Hint Antwort % Korrekt
Deutschland - 2010 Lena
84%
Schweiz - 2024 Nemo
74%
Österreich - 2014 Conchita Wurst
68%
Finnland - 2006 Lordi
68%
Schweden - 2023 Loreen
68%
Österreich - 2025 JJ
63%
Schweden - 2012 Loreen
63%
Italien - 2021 Måneskin
63%
Deutschland - 1982 Nicole
58%
Schweden - 1974 ABBA
53%
Bulgarien - 2026 Dara
53%
Österreich - 1966 Udo Jürgens
53%
Norwegen - 2009 Alexander Rybak
47%
Schweiz - 1988 Céline Dion
47%
Irland - 1980 Johnny Logan
47%
Irland - 1987 Johnny Logan
42%
Luxemburg - 1972 Vicky Leandros
42%
Ukraine - 2022 Kalush Orchestra
37%
Dänemark - 2000 Olsen Brothers
37%
Ukraine - 2004 Ruslana
37%
Dänemark - 2013 Emmelie de Forest
32%
Luxemburg - 1965 France Gall
32%
Vereinigtes Königreich - 1976 Brotherhood of Man
26%
Niederlande - 2019 Duncan Laurence
26%
Aserbaidschan - 2011 Ell/Nikki
26%
Vereinigtes Königreich - 1997 Katrina and the Waves
26%
Israel - 1979 Milk and Honey
26%
Israel - 2018 Netta
26%
Belgien - 1986 Sandra Kim
26%
Luxemburg - 1973 Anne-Marie David
21%
Norwegen - 1985 Bobbysocks!
21%
Vereinigtes Königreich - 1981 Bucks Fizz
21%
Schweden - 1991 Carola
21%
Irland - 1970 Dana
21%
Israel - 1998 Dana International
21%
Russland - 2008 Dima Bilan
21%
Irland - 1996 Eimear Quinn
21%
Schweden - 1984 Herreys
21%
Ukraine - 2016 Jamala
21%
Irland - 1992 Linda Martin
21%
Vereinigtes Königreich - 1969 Lulu
21%
Schweiz - 1956 Lys Assia
21%
Schweden - 2015 Måns Zelmerlöw
21%
Spanien - 1968 Massiel
21%
Jugoslawien - 1989 Riva
21%
Spanien - 1969 Salomé
21%
Portugal - 2017 Salvador Sobral
21%
Vereinigtes Königreich - 1967 Sandie Shaw
21%
Monaco - 1971 Séverine
21%
Niederlande - 1975 Teach-In
21%
Niederlande - 1959 Teddy Scholten
21%
Schweden - 1999 Charlotte Nilsson
16%
Luxemburg - 1983 Corinne Hermès
16%
Niederlande - 1957 Corry Brokken
16%
Frankreich - 1969 Frida Boccara
16%
Dänemark - 1963 Grethe Ingmann/Jørgen Ingmann
16%
Griechenland - 2005 Helena Paparizou
16%
Frankreich - 1962 Isabelle Aubret
16%
Luxemburg - 1961 Jean-Claude Pascal
16%
Niederlande - 1969 Lenny Kuhr
16%
Frankreich - 1977 Marie Myriam
16%
Lettland - 2002 Marie N
16%
Norwegen - 1995 Secret Garden
16%
Türkei - 2003 Sertab Erener
16%
Estland - 2001 Tanel Padar/Dave Benton/2XL
16%
Italien - 1990 Toto Cutugno
16%
Frankreich - 1958 André Claveau
11%
Italien - 1964 Gigliola Cinquetti
11%
Israel - 1978 Izhar Cohen and the Alphabeta
11%
Frankreich - 1960 Jacqueline Boyer
11%
Serbien - 2007 Marija Šerifović
11%
Irland - 1993 Niamh Kavanagh
11%
Irland - 1994 Paul Harrington/Charlie McGettigan
11%
Keine übereinstimmenden Quizze gefunden
Verteilung der Resultate
Anzahl Personen mit jedem Resultat
Perzentil nach korrekt beantworteten Fragen
Ihre Resultats-Entwicklung
Sie haben dieses Quiz noch nicht gespielt